Plant biotechnology transfer to developing countries / (Record no. 480017)

000 -LEADER
fixed length control field 01155cam a2200313 a 4500
001 - CONTROL NUMBER
control field 3031545
003 - CONTROL NUMBER IDENTIFIER
control field ASAB
005 - DATE AND TIME OF LATEST TRANSACTION
control field 20180827062620.0
008 - FIXED-LENGTH DATA ELEMENTS--GENERAL INFORMATION
fixed length control field 950206s1995 txua b 001 0 eng
010 ## - LIBRARY OF CONGRESS CONTROL NUMBER
LC control number 95001237
020 ## - INTERNATIONAL STANDARD BOOK NUMBER
International Standard Book Number 1570592381
040 ## - CATALOGING SOURCE
Original cataloging agency DLC
Transcribing agency ASAB
Modifying agency DLC
043 ## - GEOGRAPHIC AREA CODE
Geographic area code d------
050 00 - LIBRARY OF CONGRESS CALL NUMBER
Classification number SB106.B56
Item number P593 1995
082 00 - DEWEY DECIMAL CLASSIFICATION NUMBER
Classification number 338.1/62
Edition number 20
245 00 - TITLE STATEMENT
Title Plant biotechnology transfer to developing countries /
Statement of responsibility, etc. [edited by] David W. Altman, Kazuo N. Watanabe.
260 ## - PUBLICATION, DISTRIBUTION, ETC.
Place of publication, distribution, etc. Austin :
Name of publisher, distributor, etc. R.G. Landes Co.,
Date of publication, distribution, etc. c1995.
300 ## - PHYSICAL DESCRIPTION
Extent 300 p. :
Other physical details ill. ;
Dimensions 27 cm.
490 1# - SERIES STATEMENT
Series statement Biotechnology intelligence unit
504 ## - BIBLIOGRAPHY, ETC. NOTE
Bibliography, etc. note Includes bibliographical references and index.
650 #0 - SUBJECT ADDED ENTRY--TOPICAL TERM
Topical term or geographic name entry element Plant biotechnology
General subdivision Technology transfer
Geographic subdivision Developing countries.
9 (RLIN) 1565
650 #0 - SUBJECT ADDED ENTRY--TOPICAL TERM
Topical term or geographic name entry element Plant biotechnology.
9 (RLIN) 1566
700 1# - ADDED ENTRY--PERSONAL NAME
Personal name Altman, David W.
9 (RLIN) 1567
700 1# - ADDED ENTRY--PERSONAL NAME
Personal name Watanabe, Kazuo N.
9 (RLIN) 1568
830 #0 - SERIES ADDED ENTRY--UNIFORM TITLE
Uniform title Biotechnology intelligence unit (Unnumbered)
9 (RLIN) 1569
906 ## - LOCAL DATA ELEMENT F, LDF (RLIN)
a 7
b cbc
c orignew
d 1
e ocip
f 19
g y-gencatlg
942 ## - ADDED ENTRY ELEMENTS (KOHA)
Source of classification or shelving scheme
Koha item type Book
Holdings
Withdrawn status Lost status Source of classification or shelving scheme Damaged status Not for loan Collection code Permanent Location Current Location Date acquired Total Checkouts Full call number Barcode Date last seen Price effective from Koha item type
            Central Library (CL) Central Library (CL) 02/26/2016   338.1 ALT ASAB2264 02/26/2016 02/26/2016 Book
© 2023 Central Library, National University of Sciences and Technology. All Rights Reserved.